000 00713nam a2200169Ia 4500
008 090711s9999 xx 000 0 und d
082 _b56047
100 _aबेलसरे केशव वि.
245 _aस्वस्वरु प-अनुसंधान अथवा अंतर्यात्रा
260 _c1986
300 _a135
600 _aबेलसरे केशव वि.
630 _aस्वस्वरु प-अनुसंधान अथवा अंतर्यात्रा
700 _aबेलसरे केशव वि.
730 _aस्वस्वरु प-अनुसंधान अथवा अंतर्यात्रा
942 _cBOOK
999 _c283644
_d283644